II Международная научная школа-конференция "Цианопрокариоты/цианобактерии: систематика, экология, распространение", 16-21 сентября 2019 г., Сыктывкар (Запись № 12095284)

Подробности
000 -МАРКЕР
контрольное поле 02825nam0a2200373 4500
001 - ИДЕНТИФИКАТОР ЗАПИСИ
контрольное поле RU\NLR\BIBL_A\012140812
005 - ИДЕНТИФИКАТОР ВЕРСИИ
контрольное поле 20191129110349.0
010 ## - МЕЖДУНАРОДНЫЙ СТАНДАРТНЫЙ НОМЕР КНИГИ (ISBN)
Номер (ISBN) 978-5-6042182-7-3
Тираж 200
021 ## - НОМЕР ГОСУДАРСТВЕННОЙ РЕГИСТРАЦИИ
Код страны Российская Федерация
Номер КН-П-19-077559
Номер Листа государственной регистраци КН-П-19-5619
035 ## - ДРУГИЕ СИСТЕМНЫЕ НОМЕРА
Идентификатор записи (NLR Aleph) 012140812
035 ## - ДРУГИЕ СИСТЕМНЫЕ НОМЕРА
Идентификатор записи (RuMoRGB)010123207
100 ## - ДАННЫЕ ОБЩЕЙ ОБРАБОТКИ
Данные общей обработки 20191115d2019 k y0rusy50 ca
101 0# - ЯЗЫК РЕСУРСА
Язык текста, звукозаписи и т.д. русский
-- английский
102 ## - СТРАНА ПУБЛИКАЦИИ ИЛИ ПРОИЗВОДСТВА
Страна публикации Российская Федерация
105 ## - ПОЛЕ КОДИРОВАННЫХ ДАННЫХ: ТЕКСТОВЫЕ МАТЕРИАЛЫ, МОНОГРАФИЧЕСКИЕ
Кодированные данные о монографическом текстовом документе ab||z|||100zy
200 1# - ЗАГЛАВИЕ И СВЕДЕНИЯ ОБ ОТВЕТСТВЕННОСТИ
Основное заглавие II Международная научная школа-конференция "Цианопрокариоты/цианобактерии: систематика, экология, распространение", 16-21 сентября 2019 г., Сыктывкар
Параллельное заглавие II International scientific conference "Cyanoprokaryota/cyanobacteria systematic, ecology, distribution", september 16-21, 2019, Syktyvkar
Сведения, относящиеся к заглавию материалы докладов
Первые сведения об ответственности Институт биологии Коми научного центра Уральского отделения Российской академии наук [и др.]
Язык параллельного заглавия английский
210 ## - ПУБЛИКАЦИЯ, РАСПРОСТРАНЕНИЕ И ДР.
Место издания, распространения и т.д. Сыктывкар
Имя издателя, распространителя и т. д. ИБ ФИЦ Коми НЦ УрО РАН
Дата издания, распространения и т.д. 2019
215 ## - ФИЗИЧЕСКАЯ ХАРАКТЕРИСТИКА
Специфическое обозначение материала и объем 302 с.
Другие сведения о физической характеристике ил., карт., табл.
Размеры 21
Сопроводительный материал [1] отд. л.
300 ## - ОБЩИЕ ПРИМЕЧАНИЯ
Текст примечания На обл.: Цианопрокариоты/цианобактерии: систематика, экология, распространение: материалы докладов II Международной научной школы-конференции
300 ## - ОБЩИЕ ПРИМЕЧАНИЯ
Текст примечания Часть текста англ.
320 ## - ПРИМЕЧАНИЯ О НАЛИЧИИ В ДОКУМЕНТЕ БИБЛИОГРАФИИ / УКАЗАТЕЛЯ
Текст примечания Библиогр. в конце ст.
510 1# - ПАРАЛЛЕЛЬНОЕ ЗАГЛАВИЕ
Связь между полями z01791
Параллельное заглавие II International scientific conference "Cyanoprokaryota/cyanobacteria: systematic, ecology, distribution", september 16-21, 2019, Syktyvkar
Язык заглавия английский
512 1# - ЗАГЛАВИЕ ОБЛОЖКИ
Заглавие обложки Цианопрокариоты/цианобактерии: систематика, экология, распространение
Сведения, относящиеся к заглавию материалы докладов II Международной научной школы-конференции
606 1# - НАИМЕНОВАНИЕ ТЕМЫ КАК ПРЕДМЕТ
Наименование темы Синезеленые водоросли
Формальный подзаголовок Съезды, совещания и т.п
Код системы nlr_sh1
-- nlr_sh2
Идентификатор авторитетной/нормативной записи RU\NLR\AUTH\6643475
686 1# - ИНДЕКСЫ ДРУГИХ КЛАССИФИКАЦИЙ
Индекс Е591.25я431(0)
710 12 - НАИМЕНОВАНИЕ ОРГАНИЗАЦИИ - ПЕРВИЧНАЯ ОТВЕТСТВЕННОСТЬ
Начальный элемент ввода "Цианопрокариоты/цианобактерии: систематика, экология, распространение", международная научная школа-конференция
Порядковый номер временной организации и / или порядковый номер ее части 2
Дата проведения временной организации 2019
Место проведения временной организации Сыктывкар
Идентификатор авторитетной/нормативной записи RU\NLR\AUTH\880512386
791 12 - НАИМЕНОВАНИЕ ОРГАНИЗАЦИИ - АЛЬТЕРНАТИВНАЯ ФОРМА
Связь между полями z01510
Начальный элемент ввода "Cyanoprokaryota/cyanobacteria: systematic, ecology, distribution", international scientific conference
Порядковый номер временной организации и / или порядковый номер ее части 2
Дата проведения временной организации 2019
Место проведения временной организации Syktyvkar
Идентификатор авторитетной/нормативной записи RU\NLR\AUTH\880512388
942 ## - ДОПОЛНИТЕЛЬНЫЕ ЭЛЕМЕНТЫ ЗАПИСИ (АБИС)
Тип экземпляра АБИС Книга
980 ## - КОЛЛЕКЦИЯ
Название коллекции НБР
980 ## - КОЛЛЕКЦИЯ
Название коллекции Национальная библиография

Нет доступных экземпляров.